000 01348nmm a2200349 a 4500
001 ocm000668065
003 TR-IsHL
005 20201028134242.0
008 131121s2009 tu tur
007 cr cn
035 _a668065
_b(N$T)
050 0 4 _aDR471
_b.A94 2009
090 0 4 _aDR471
_b.A94 2009
100 1 _aAyhan, Kamel Atay
245 1 0 _aDış politika kıskacında Türkiye.
_h[electronic resource] /
_cKamel Atay Ayhan
260 _aİstanbul :
_bYeniyüzyıl Yayınları,
_c2009
300 _a176 p.
650 4 _aPolitika ve Uluslararası İlişkiler
650 4 _aPolitics and International Relations
650 0 _aTürkiye
_x Dış ilişkileri
_x 21. yüzyıl
650 0 _aTurkey
_x Foreign relations
_x 21st century
650 0 _aTürkiye
_x Dış ilişkileri
_x Ekonomik açıdan
650 0 _aTurkey
_x Foreign relations
_x Economic aspects
650 0 _aTürkiye
_x Siyaset ve yönetim
_x 21. yüzyıl
650 0 _aTurkey
_x Politics and government
_x 21st century
650 0 _aDünya politikası
_x 21. yüzyıl
650 0 _aWorld politics
_x 21st century
650 0 _aKüreselleşme
650 0 _aGlobalization
650 7 _aPOLITICAL SCIENCE / International Relations / General
_2bisacsh
856 4 0 _uhttp://search.ebscohost.com/login.aspx?direct=true&scope=site&db=e011xww&AN=668065
999 _c6089
_d6089